Città con un almeno un Milione di abitanti più alte - Statistics

Statistiche generali
  • Questo quiz è stato fatto 20 volte
  • Il punteggio medio è 3 su 12
Statistiche sulle risposte
Altitudine (m) Popolazione (ab.) Continente Città % Corretto
2 850 2 239 191 America del Sud Quito
76%
2 620 7 412 566 America del Sud Bogotà
65%
2 240 9 209 944 America del Nord Città del Messico
65%
2 500 2 738 248 Africa Addis Abeba
35%
2 350 2 431 649 Asia Sana'a
12%
2 270 1 093 705 Asia Abha
0%
2 220 1 072 676 America del Nord Ciudad Nezahualcóyotl
0%
2 250 1 645 352 America del Nord Ecatepec de Morelos
0%
4 150 1 184 942 America del Sud El Alto
0%
2 000 8 460 088 Asia Kunming
0%
2 147 1 542 232 America del Nord Puebla de Zaragoza
0%
2 275 1 954 795 Asia Xining
0%
Nessun quiz corrispondente trovato
Distribuzione punteggi
Percentuale di utenti per punteggio
Percentile per numero di risposta
I tuoi punteggi nel tempo
Non hai fatto questo quiz